From closed to open economy macroeconomics: The real exchange rate and capital inflows, India 1981-1994 (Working paper No. 51) (Record no. 40810)

MARC details
000 -LEADER
fixed length control field 00397nam a2200121Ia 4500
082 ## - DEWEY DECIMAL CLASSIFICATION NUMBER
Classification number 330.101.541
Item number DEE
100 ## - MAIN ENTRY--AUTHOR NAME
Personal name Deepak Lal, D K
245 #0 - TITLE STATEMENT
Title From closed to open economy macroeconomics: The real exchange rate and capital inflows, India 1981-1994 (Working paper No. 51)
260 ## - PUBLICATION, DISTRIBUTION, ETC. (IMPRINT)
Place of publication New Delhi
Name of publisher NCAER
Year of publication 1994
700 ## - ADDED ENTRY--PERSONAL NAME
Personal name Joshi
942 ## - ADDED ENTRY ELEMENTS (KOHA)
Koha item type Books
Holdings
Withdrawn status Lost status Damaged status Not for loan Home library Current library Date acquired Cost, normal purchase price Full call number Accession Number Koha item type
        RRII Library RRII Library 16/12/2021 100.00 330.101.541 DEE 21105 Books